Perú 1997: la crisis de los rehenes /
Enregistré dans:
| Auteur principal: | |
|---|---|
| Format: | Texte |
| Tags: |
Ajouter un tag
Pas de tags, Soyez le premier à ajouter un tag!
|
MARC
| LEADER | 00000 a a2200000 04500 | ||
|---|---|---|---|
| 001 | 1195 | ||
| 003 | |||
| 040 | |||
| 100 | |a Degregori, Carlos Iván | ||
| 245 | |a Perú 1997: |b la crisis de los rehenes / |c Carlos Iván Degregori | ||
| 773 | |g volumen 1; páginas 61-66 | ||
| 999 | |c 33292 |d 33292 | ||
